00373nam a2200157Ia 4500008004000000041000800040082001200048100002000060245003800080260004300118650001200161650001500173650000800188650000700196650001200203210210b1957 xxu||||| |||| 00| 0 eng d aeng a590/259 aRAJENDRAN (M V) aPre university biology II zoology aPalayamkottaibJaya Publicationsc1957 azoology auniversity aPre aII abiology